Chappell Roan Charting Songs (Billboard Hot 100) - Statistics

General Stats
  • This quiz has been taken 233 times
    65 since last reset
  • The average score is 7 of 9
Answer Stats
Album Weeks On Peak Artist(s) Song % Correct
Non-Album Single 52 Weeks #4 Chappell Roan Good Luck Babe!
98%
Non-Album Single 13 Weeks #3 Chappell Roan The Subway
94%
The Rise and Fall of a Midwest Princess 25 Weeks #15 Chappell Roan HOT TO GO!
89%
The Rise and Fall of a Midwest Princess 68 Weeks #4 Chappell Roan Pink Pony Club
85%
Non-Album Single 8 Weeks #5 Chappell Roan The Giver
85%
The Rise and Fall of a Midwest Princess 20 Weeks #41 Chappell Roan Red Wine Supernova
74%
The Rise and Fall of a Midwest Princess 16 Weeks #59 Chappell Roan Casual
59%
The Rise and Fall of a Midwest Princess 9 Weeks #66 Chappell Roan Femininomenon
56%
The Rise and Fall of a Midwest Princess 5 Weeks #81 Chappell Roan My Kink Is Karma
39%
No matching quizzes found
Score Distribution
Percent of People with Each Score
Percentile by Number Answered
Your Score History
You have not taken this quiz since the last reset